[Event "Panchenko Memorial 2019"]
[Site "Chelyabinsk"]
[Date "2019.09.09"]
[Round "1.1"]
[White "Skatchkov, Valery"]
[Black "Shaposhnikov, Evgeny"]
[Result "1/2-1/2"]
[WhiteElo "2277"]
[BlackElo "2572"]
[Annotator "TA"]
[PlyCount "96"]
[EventDate "2019.09.09"]
[EventType "swiss"]
[EventCountry "RUS"]
[SourceTitle "playchess.com"]
[Source "ChessBase"]
[SourceQuality "1"]

{[%evp 21,96,12,18,12,20,28,32,43,29,0,0,-222,-173,-379,-375,-854,-835,-781,-420,-454,-421,-304,0,0,82,82,82,0,40,33,34,35,37,34,39,36,39,38,54,53,48,56,51,47,53,46,48,0,54,0,0,0,0,0,0,0,0,0,0,0,0,0,0,0,0,0,0,0,0,0,0,0,0,0,0,-45,-44]} 1. d4 Nf6 2. c4 e6 3. Nf3 b6 4. g3 Bb4+ 5. Bd2 Bxd2+ 6. Qxd2 Ba6 7. b3 O-O 8. Bg2 d5 9. O-O c5 10. cxd5 exd5 11. Nc3 Nc6 12. dxc5 {E15: Queen's Indian: 4 g3 sidelines, 4 g3 Ba6 and 4 g3 Bb7 early deviations} bxc5 13. Rfd1 d4 14. Na4 {White is slightly better.} Ne4 15. Qc2 {[%mdl 64] Double Attack} Re8 16. Nd2 $2 (16. Nxc5 $11 {and White stays safe.} Nb4 17. Qc1) 16... Nb4 17. Qb2 $146 {[#]} (17. Qb1 Nc3 18. Nxc3 dxc3 19. Qc1 (19. Nf1 $2 Qf6 $19) 19... Bxe2 20. Qxc3 Bxd1 21. Rxd1) ({Predecessor:} 17. Qc1 Nxf2 18. Kxf2 Rxe2+ 19. Kg1 Nd3 20. Qb1 Qg5 {0-1 (20) Mamedjarova,Z (2269)-Cornette,M (2591) Rhodes 2015}) 17... Nxf2 $1 $19 {[%mdl 512]} 18. Kxf2 $2 (18. Re1 Bxe2 19. Ne4 Nxe4 20. Rxe2) 18... Rxe2+ 19. Kg1 Qg5 (19... Qf6 20. Ne4 $15) 20. Nxc5 (20. Bxa8 $2 Qe3+ 21. Kh1 Nd3 $19) 20... Qe3+ 21. Kh1 {Strongly threatening Qa3.} Re8 $2 (21... Qf2 22. Rg1 $17) (21... Rc8 $19 22. Nf1 (22. Nxa6 $2 Nd3 $19) 22... Qf2 23. Qxe2 Bxe2) 22. Qa3 $1 $11 {[%cal Ra3b4]} ({Not} 22. Nxa6 $2 Nd3 $19) 22... Nc2 (22... Rxd2 $11 {keeps the balance.} 23. Qxb4 Rxg2 24. Kxg2 Qe2+ 25. Kg1 Qe3+ 26. Kh1 (26. Kg2 Qe2+ 27. Kg1 Qe3+ 28. Kh1 Qf3+ 29. Kg1 Qe3+ $11) 26... Qf3+ 27. Kg1 Qe3+ 28. Kh1 (28. Kg2 Qe2+ 29. Kg1 Qe3+ $11) 28... Qf3+ 29. Kg1 Qe3+) 23. Qxa6 $16 {Threatens to win with Rab1.} Nxa1 {[#]} 24. Nce4 (24. Nf1 $1 $16 {[%cal Rf1e3]} Qf2 25. Qc6) 24... Re1+ (24... Rxg2 {keeps more tension.} 25. Qb5 Rxe4 26. Nxe4 Rg1+ 27. Rxg1 Qxe4+ 28. Rg2 Qe1+) 25. Rxe1 Qxe1+ 26. Qf1 Nc2 27. Qxe1 Nxe1 28. Bf1 Nc2 29. Kg1 Nb4 30. a3 Nc2 31. a4 Kf8 32. Bd3 Nb4 33. Bb5 Re5 34. Kf2 Ke7 ({Better is} 34... f5 $11 35. Ng5 d3) 35. Kf3 (35. g4 $1 $14) 35... f5 $11 36. Kf4 Rd5 $1 37. Nf2 Kf6 38. h4 g6 39. Bc4 Rd8 40. Nd3 Nxd3+ 41. Bxd3 Re8 {...Re3 is the strong threat.} 42. Nc4 Rb8 43. Na5 h6 44. Bb5 Rb6 45. Bd3 g5+ (45... Re6 $5 46. Nc4 $8 Re1 $11) 46. hxg5+ hxg5+ 47. Kf3 Rb8 48. Bc2 Rc8 {Accuracy: White = 50%, Black = 57%.} 1/2-1/2

[Event "Panchenko Memorial 2019"]
[Site "Chelyabinsk"]
[Date "2019.09.09"]
[Round "1.2"]
[White "Sivuk, Vitaly"]
[Black "Gnusarev, Pavel"]
[Result "1-0"]
[WhiteElo "2559"]
[BlackElo "2277"]
[Annotator "TA"]
[PlyCount "39"]
[EventDate "2019.09.09"]
[EventType "swiss"]
[EventCountry "RUS"]
[SourceTitle "playchess.com"]
[Source "ChessBase"]
[SourceQuality "1"]

{[%evp 15,39,41,41,11,20,15,15,7,22,6,11,6,18,0,15,4,19,18,214,189,200,197,206,197,444,437]} 1. d4 Nf6 2. c4 e6 3. Nc3 Bb4 4. Qc2 c5 5. dxc5 Qc7 6. Nf3 a6 7. Bg5 Bxc5 8. e3 Be7 9. Bd3 {E38: Nimzo-Indian: Classical: 4...c5} (9. Be2 d6 10. O-O h6 11. Bh4 Nbd7 12. Nd4 b6 13. Bf3 Bb7 14. Bxb7 Qxb7 15. Qe2 Rc8 16. Rac1 O-O 17. e4 Rfe8 {0-1 (31) Zhang,Z (2406)-Vallejo Pons,F (2694) China 2018}) 9... d6 10. O-O Nbd7 11. Rfd1 {The position is equal.} b6 12. Ne4 Bb7 13. Rac1 Rc8 14. b4 {[%cal Bb2b4,Bb4c5,Bc5d6][%mdl 32]} h6 {Threatens to win with ...Bxe4.} 15. Bf4 $146 ({Predecessor:} 15. Bh4 O-O 16. Bg3 Kh8 {0-1 (43) Ozturk,E-Berkes,F (2511) Balatonlelle 2002}) 15... g5 16. Bg3 Nh5 $2 {[#]} (16... Bxe4 $1 $11 {and Black stays safe.} 17. Bxe4 g4) 17. Qb2 $1 $36 {[%cal Rb2h8][%mdl 2048] White is on the roll.} Rg8 {[#]} 18. c5 $1 {[%mdl 512]} bxc5 19. bxc5 Bxe4 $2 (19... Nxg3 20. cxd6 (20. hxg3 dxc5 21. g4 Rb8 $15) 20... Qb8) 20. cxd6 {[%mdl 64] Pin, Discovered Attack. Accuracy: White = 59%, Black = 35%.} ({Inferior is} 20. Bxe4 Nxg3 21. hxg3 Nxc5 $11) 1-0

[Event "Panchenko Memorial 2019"]
[Site "Chelyabinsk"]
[Date "2019.09.09"]
[Round "1.3"]
[White "Kholopov, Alexander A."]
[Black "Bocharov, Ivan"]
[Result "0-1"]
[WhiteElo "2272"]
[BlackElo "2557"]
[Annotator "TA"]
[PlyCount "70"]
[EventDate "2019.09.09"]
[EventType "swiss"]
[EventCountry "RUS"]
[SourceTitle "playchess.com"]
[Source "ChessBase"]
[SourceQuality "1"]

{[%evp 14,70,64,41,49,-3,0,0,0,8,0,-11,0,0,0,0,0,0,6,0,0,0,6,-10,-8,-25,-16,-61,-61,-52,-56,-58,-67,-106,-103,-103,-104,-141,-142,-162,-167,-285,-286,-276,-269,-271,-274,-313,-313,-313,-313,-310,-295,-288,-195,-310,-265,-329,-329]} 1. d4 Nf6 2. c4 e6 3. Nc3 Bb4 4. Qc2 d5 5. cxd5 Qxd5 6. Nf3 Qf5 7. Qb3 c5 8. a3 Ba5 {E34: Nimzo-Indian: Classical: 4...d5} (8... Bxc3+ 9. Qxc3 Nbd7 10. g3 cxd4 11. Nxd4 Qc5 12. Qxc5 Nxc5 13. b4 Na4 14. Bg2 O-O 15. Bg5 Nd5 16. Nb5 {1-0 (52) Nakamura,H (2787)-Brunello,S (2566) Douglas 2016}) 9. Bd2 ({White should play} 9. Qc4 $14) 9... Nc6 10. dxc5 Qxc5 {The position is equal.} 11. e3 O-O 12. Qa4 $146 {Black must now prevent b4.} ({Predecessor:} 12. e4 Nxe4 13. Qc2 Bxc3 14. Bxc3 Nxc3 15. Qxc3 {½-½ (15) Azmaiparashvili,Z (2625)-Yudasin,L (2625) Moscow 1994}) 12... Qh5 13. Be2 Bd7 14. Ne4 Bxd2+ 15. Nfxd2 Qe5 16. Nxf6+ Qxf6 17. Qb3 Ne5 18. O-O Bc6 19. f4 Qg6 {[%csl Gc6][%cal Rg6g2] [#]} 20. e4 Bxe4 $40 {[%mdl 128] White needs to defend precisely.} 21. Nxe4 Qxe4 22. Rf2 Nd7 23. Bf3 Qxf4 24. Qxb7 {[#]} Ne5 $1 25. Rd1 Rad8 26. Rxd8 Rxd8 27. Qxa7 (27. g3 {is a better defense.} Qe3 28. Qe4 Qc1+ 29. Kg2) 27... Qc1+ $19 28. Rf1 Nxf3+ ({Not} 28... Qxb2 29. a4 $17) 29. gxf3 Qxb2 {[%mdl 4096] Endgame KQR-KQR} 30. a4 h5 31. Rf2 Qb1+ 32. Rf1 Qg6+ 33. Kh1 Rd2 {[%csl Gd2][%cal Rg6g2]} 34. Rg1 (34. Qb8+ $142 Kh7 35. Qb1) 34... Qf5 35. Qe3 Rd3 {Accuracy: White = 39%, Black = 68%.} 0-1

[Event "Panchenko Memorial 2019"]
[Site "Chelyabinsk"]
[Date "2019.09.09"]
[Round "1.4"]
[White "Volkov, Sergey"]
[Black "Konnov, Oleg"]
[Result "1-0"]
[WhiteElo "2557"]
[BlackElo "2270"]
[Annotator "TA"]
[PlyCount "26"]
[EventDate "2019.09.09"]
[EventType "swiss"]
[EventCountry "RUS"]
[SourceTitle "playchess.com"]
[Source "ChessBase"]
[SourceQuality "1"]

{[%evp 1,1,29]} 1. d4 {Predecessor:} Nf6 $146 2. c4 e6 3. Nf3 d5 4. Nc3 c6 5. g3 dxc4 6. Ne5 Nbd7 7. Nxc4 b5 8. Ne5 Nxe5 9. dxe5 Qxd1+ 10. Kxd1 Nd5 11. Ne4 Bb7 12. Bg2 c5 13. Bd2 Be7 {½-½ (34) Carlsen,M (2882)-Ding,L (2805) Saint Louis 2019} 1-0

[Event "Panchenko Memorial 2019"]
[Site "Chelyabinsk"]
[Date "2019.09.09"]
[Round "1.5"]
[White "Novikov, Evgenij"]
[Black "Frolyanov, Dmitry"]
[Result "0-1"]
[WhiteElo "2261"]
[BlackElo "2556"]
[Annotator "RC"]
[PlyCount "151"]
[EventDate "2019.09.09"]
[EventType "swiss"]
[EventCountry "RUS"]
[SourceTitle "playchess.com"]
[Source "ChessBase"]
[SourceQuality "1"]
[TimeControl "5400+30"]

1. d4 {[%emt 0:00:00]} Nf6 {[%emt 0:00:00]} 2. Nf3 {[%emt 0:00:00]} e6 {[%emt 0:00:08]} 3. c4 {[%emt 0:00:25]} d5 {[%emt 0:00:12]} 4. cxd5 {[%emt 0:00:24]} exd5 {[%emt 0:00:06]} 5. Nc3 {[%emt 0:00:15]} c6 {[%emt 0:00:24]} 6. Bf4 {[%emt 0:00:17]} Bd6 {[%emt 0:00:37]} 7. Bxd6 {[%emt 0:00:23]} Qxd6 {[%emt 0:00:06]} 8. e3 {[%emt 0:00:04]} Bf5 {[%emt 0:00:35]} 9. Bd3 {[%emt 0:00:14]} Bxd3 {[%emt 0:00:13]} 10. Qxd3 {[%emt 0:00:04]} Nbd7 {[%emt 0:00:20]} 11. O-O {[%emt 0:00:19]} O-O {[%emt 0:00:12]} 12. Rab1 {[%emt 0:00:26]} a5 {[%emt 0:01:08]} 13. Qc2 {[%emt 0:00:23]} Rfe8 {[%emt 0:02:41]} 14. Rfc1 {[%emt 0:00:43]} g6 {[%emt 0:06:03]} 15. h3 {[%emt 0:09:36]} Re7 {[%emt 0:03:51]} 16. Nd2 {[%emt 0:08:50]} Nb6 {[%emt 0:02:02]} 17. Na4 {[%emt 0:02:02]} Nc8 {[%emt 0:05:38]} 18. Nc5 {[%emt 0:01:35]} Qd8 {[%emt 0:02:23]} 19. a4 {[%emt 0:03:48]} Nd6 {[%emt 0:01:23]} 20. b4 {[%emt 0:03:20]} axb4 {[%emt 0:13:56]} 21. Rxb4 {[%emt 0:00:07]} Kg7 {[%emt 0:00:56]} 22. Rcb1 {[%emt 0:04:53]} Ra7 {[%emt 0:05:47]} 23. R1b3 {[%emt 0:10:20]} Qa8 {[%emt 0:05:41]} 24. Nf3 {[%emt 0:11:07]} Nc4 {[%emt 0:04:25]} 25. Ne5 {[%emt 0:01:00]} Na5 {[%emt 0:19:09]} 26. Rb1 {[%emt 0:01:51]} Qc8 {[%emt 0:01:13]} 27. Ncd3 {[%emt 0:06:16]} Ra8 {[%emt 0:01:01]} 28. Qc5 {[%emt 0:00:51]} Qd8 {[%emt 0:00:50]} 29. f3 {[%emt 0:02:42]} Ne8 {[%emt 0:01:50]} 30. e4 {[%emt 0:06:32]} dxe4 {[%emt 0:04:21]} 31. fxe4 {[%emt 0:00:06]} Nd6 {[%emt 0:00:13]} 32. Nf2 {[%emt 0:05:37]} f6 {[%emt 0:01:30]} 33. Nf3 {[%emt 0:03:51]} Nxe4 {[%emt 0:03:56]} 34. Nxe4 {[%emt 0:00:25]} Rxe4 {[%emt 0:00:05]} 35. Rxb7+ {[%emt 0:00:34]} Nxb7 {[%emt 0:00:10]} 36. Rxb7+ {[%emt 0:00:04]} Kh8 {[%emt 0:01:10]} 37. Qxc6 {[%emt 0:00:20]} Re2 {[%emt 0:07:26]} 38. Rd7 {[%emt 0:06:12]} Qf8 {[%emt 0:00:08]} 39. Qb7 {[%emt 0:02:01]} Rae8 {[%emt 0:01:35]} 40. Rf7 {[%emt 0:02:39]} Qh6 {[%emt 0:01:09]} 41. Rxf6 {[%emt 0:02:05]} Qe3+ {[%emt 0:00:54]} 42. Kh2 {[%emt 0:00:17]} Qe7 {[%emt 0:01:53]} 43. Qc6 {[%emt 0:03:14]} Kg7 {[%emt 0:01:14]} 44. Rd6 {[%emt 0:01:27]} Re6 {[%emt 0:00:14]} 45. Rxe6 {[%emt 0:00:14]} Qxe6 {[%emt 0:00:04]} 46. Qc7+ {[%emt 0:00:24]} Re7 {[%emt 0:00:18]} 47. Qc5 {[%emt 0:00:07]} Qf6 {[%emt 0:00:44]} 48. Kg3 {[%emt 0:03:20]} Rf7 {[%emt 0:00:34]} 49. h4 {[%emt 0:01:32]} Qf4+ {[%emt 0:00:21]} 50. Kh3 {[%emt 0:00:09]} Rc7 {[%emt 0:01:26]} 51. Qd5 {[%emt 0:00:44]} Rc1 {[%emt 0:01:13]} 52. Qe5+ {[%emt 0:00:57]} Qxe5 {[%emt 0:00:10]} 53. dxe5 {[%emt 0:00:06]} Ra1 {[%emt 0:00:52]} 54. Kg3 {[%emt 0:01:01]} Rxa4 {[%emt 0:00:07]} 55. Ng5 {[%emt 0:00:11]} Ra2 {[%emt 0:01:03]} 56. Kf3 {[%emt 0:00:09]} Ra4 {[%emt 0:00:51]} 57. g3 {[%emt 0:00:31]} h6 {[%emt 0:00:48]} 58. Ne6+ {[%emt 0:00:16]} Kf7 {[%emt 0:00:11]} 59. Nc5 {[%emt 0:00:16]} Ra3+ {[%emt 0:00:21]} 60. Kf4 {[%emt 0:00:11]} Rc3 {[%emt 0:00:14]} 61. Ne4 {[%emt 0:00:29]} Rc1 {[%emt 0:00:08]} 62. Nf6 {[%emt 0:00:59]} Rf1+ {[%emt 0:00:22]} 63. Ke4 {[%emt 0:00:24]} Ke6 {[%emt 0:00:19]} 64. Ng4 {[%emt 0:00:19]} h5 {[%emt 0:01:16]} 65. Ne3 {[%emt 0:00:11]} Ra1 {[%emt 0:00:12]} 66. Kf4 {[%emt 0:02:15]} Ra4+ {[%emt 0:00:15]} 67. Kf3 {[%emt 0:00:24]} Kxe5 {[%emt 0:00:13]} 68. g4 {[%emt 0:00:39]} Ra3 {[%emt 0:00:20]} 69. gxh5 {[%emt 0:00:29]} gxh5 {[%emt 0:00:07]} 70. Kf2 {[%emt 0:00:30]} Kf4 {[%emt 0:00:11]} 71. Nd5+ {[%emt 0:00:30]} Kg4 {[%emt 0:00:15]} 72. Ne3+ {[%emt 0:00:29]} Kxh4 {[%emt 0:00:15]} 73. Kf3 {[%emt 0:00:10]} Kh3 {[%emt 0:00:29]} 74. Kf4 {[%emt 0:00:17]} Rxe3 {[%emt 0:00:43]} 75. Kxe3 {[%emt 0:00:01]} Kg2 {[%emt 0:00:06]} 76. Kd4 0-1

[Event "Panchenko Memorial 2019"]
[Site "Chelyabinsk"]
[Date "2019.09.09"]
[Round "1.6"]
[White "Stupak, Kirill"]
[Black "Mokin, Nikolai"]
[Result "1/2-1/2"]
[WhiteElo "2551"]
[BlackElo "2259"]
[Annotator "TA"]
[PlyCount "94"]
[EventDate "2019.09.09"]
[EventType "swiss"]
[EventCountry "RUS"]
[SourceTitle "playchess.com"]
[Source "ChessBase"]
[SourceQuality "1"]

{[%evp 20,94,44,20,58,63,87,70,101,71,69,82,82,38,38,11,10,16,17,25,34,38,72,72,61,57,48,69,74,-62,-53,-45,-51,-83,-68,-141,-124,-197,-189,-193,-195,-192,-148,-203,-174,-195,-204,-226,-221,-239,-237,-240,-231,-232,-216,-224,-160,-159,0,-227,-206,-218,-227,-215,-188,-179,-122,-156,-159,-155,-112,-121,-120,-126,-49,-50,-24]} 1. d4 Nf6 2. g3 c5 3. d5 d6 4. c4 e6 5. Nc3 exd5 6. cxd5 g6 7. Nf3 Bg7 8. Bg2 O-O 9. O-O Na6 {[%cal Bb8a6,Ba6c7,Bc7b5,Bb5d4][%mdl 32]} 10. Nd2 Nc7 11. a4 {[%cal Ba2a4,Ba4a5][%mdl 32]} Rb8 {A62: Modern Benoni: Fianchetto Variation without early ...Nbd7} (11... b6 12. e4 Ba6 13. Re1 Nd7 14. Nf3 Qe7 15. Bf4 Rad8 16. Qd2 Ne5 17. Bh6 Nc4 18. Qc1 Bxh6 19. Qxh6 Nxb2 {0-1 (34) Bykov,O (2395)-Romanov,E (2573) Sochi 2019}) 12. Nc4 Nfe8 13. e4 a6 {White is slightly better.} 14. a5 Bd7 $146 ({Predecessor:} 14... Nb5 15. Nxb5 axb5 16. Nb6 Nc7 17. Re1 Na8 18. Nxc8 Rxc8 {½-½ (53) Bilo,H-Wittmann,R Bottrop 1971}) 15. Re1 Nb5 16. Qd3 Nd4 17. Bf4 Bb5 $1 18. Ra2 Bxc4 19. Qxc4 Rc8 20. Ne2 Nc7 21. Nxd4 Bxd4 22. Bh3 $1 {[%cal Rh3c8]} Rb8 23. b4 Re8 24. Be3 (24. bxc5 $16 Bxc5 25. Qd3) 24... Rxe4 $15 25. bxc5 dxc5 26. Bg2 Re8 27. Rd1 (27. Rae2 $15) 27... Nb5 $17 {aiming for ...Nc3.} ({Much less strong is} 27... Bxe3 28. fxe3 Qe7 29. Re1 $15) 28. Rd3 (28. Bd2 $17 {keeps fighting.}) 28... Nd6 $19 29. Qc1 Bxe3 30. Rxe3 Rxe3 31. Qxe3 (31. fxe3 $17 Qc7 32. e4) 31... Qc7 32. Bf1 Re8 33. Qc3 c4 34. h4 h5 35. Qb4 Re5 36. Bg2 Qe7 37. Bf3 Rf5 38. Bg2 Re5 (38... g5 $17 39. hxg5 Rxg5) 39. Bf3 $1 Qf6 40. Bg2 Re8 41. Rc2 Qe5 42. Bf1 Rc8 (42... Qf5 $19 43. Rc1 Qf6) 43. Re2 $17 {[#]} Qf6 $1 ({Don't take} 43... Qxd5 44. Rd2 $15) 44. Bh3 Rd8 45. Qc5 c3 46. Re3 {[#]} Nb5 ({Black should try} 46... Re8 $1 $17 {[%cal Re8e3]} 47. Qxc3 Qxc3 48. Rxc3 Re1+ 49. Bf1 Ra1) 47. Bf1 $1 $15 Qd6 {Accuracy: White = 51%, Black = 62%.} 1/2-1/2

[Event "Panchenko Memorial 2019"]
[Site "Chelyabinsk"]
[Date "2019.09.09"]
[Round "1.7"]
[White "Bykova, Anastasia"]
[Black "Zhigalko, Andrey"]
[Result "1/2-1/2"]
[WhiteElo "2259"]
[BlackElo "2539"]
[Annotator "TA"]
[PlyCount "58"]
[EventDate "2019.09.09"]
[EventType "swiss"]
[EventCountry "RUS"]
[SourceTitle "playchess.com"]
[Source "ChessBase"]
[SourceQuality "1"]

{[%evp 13,58,14,21,4,4,-31,-33,-33,-43,-42,-49,-47,0,0,30,-12,5,11,20,-6,-11,-19,-16,-9,-12,-20,-15,-15,0,0,0,0,0,0,0,0,8,0,8,0,0,0,6,0,0,0,0]} 1. d4 Nf6 2. c4 g6 3. Nf3 Bg7 4. g3 b6 5. Bg2 Bb7 6. O-O O-O 7. Nc3 Ne4 8. Bd2 {A50: Queen's Fianchetto Defence (1 d4 Nf6 2 c4 b6)} e6 9. d5 $146 ({Predecessor:} 9. Nxe4 Bxe4 10. Bc3 c5 11. Rc1 Nc6 12. e3 Qc7 13. Qd2 Qb7 14. Ne1 cxd4 15. exd4 Ne7 {½-½ (43) Lenic,L (2662)-Vachier Lagrave,M (2789) chess.com INT 2018}) 9... Nxc3 10. Bxc3 {Black is slightly better.} Bxc3 11. bxc3 d6 12. Nd2 exd5 13. cxd5 Nd7 14. f4 Qe7 {The position is equal.} 15. e4 c6 16. dxc6 Bxc6 17. Nc4 Bxe4 18. Qxd6 Qxd6 19. Nxd6 Bxg2 20. Kxg2 Nc5 21. f5 Rfd8 22. Rad1 Rd7 {[#] White must now prevent ...Rad8.} 23. Rd4 Rad8 24. Rfd1 Kf8 25. Kf3 Ke7 {[%cal Rd7d6]} 26. Re1+ Kf8 27. Red1 Ke7 {[%cal Rd7d6]} 28. Re1+ Kf8 29. Red1 Ke7 {Accuracy: White = 39%, Black = 69%.} 1/2-1/2

[Event "Panchenko Memorial 2019"]
[Site "Chelyabinsk"]
[Date "2019.09.09"]
[Round "1.8"]
[White "Kotsur, Pavel"]
[Black "Khusenkhojaev, Mustafokhuja"]
[Result "1/2-1/2"]
[WhiteElo "2528"]
[BlackElo "2240"]
[Annotator "TA"]
[PlyCount "75"]
[EventDate "2019.09.09"]
[EventType "swiss"]
[EventCountry "RUS"]
[SourceTitle "playchess.com"]
[Source "ChessBase"]
[SourceQuality "1"]

{[%evp 9,75,33,56,14,23,20,19,0,43,0,12,18,17,12,14,12,17,0,11,0,0,-41,-40,-40,-38,-61,-51,-51,-55,-86,-93,-77,-78,-75,-37,-29,-31,-21,-33,-25,-29,-43,18,-87,-14,-20,0,0,0,0,0,0,4,4,5,5,10,2,2,0,0,0,0,-10,-10,-6,-15,-25]} 1. Nf3 Nf6 2. c4 g6 3. Nc3 d5 4. cxd5 Nxd5 5. Qc2 (5. Qb3 Nb6 6. d4 Bg7 7. Bf4 O-O 8. Rd1 c6 9. e4 Bg4 10. Be2 Bxf3 11. Bxf3 Bxd4 12. Ne2 c5 13. e5 Nc6 14. e6 f5 15. h4 Qc8 16. Bxc6 Qxc6 17. Nxd4 cxd4 {1-0 (42) Maghsoodloo,P (2666)-Safarli,E (2681) Bandar e Anzali 2019}) 5... Nb6 6. e3 {A16: English Opening: 1...Nf6 with ...d5} Bg7 7. Be2 $146 ({Predecessor:} 7. b4 Bf5 8. Qb3 Bd3 9. Bb2 Nc4 10. Na4 Nxb2 11. Nxb2 Bxf1 12. Rxf1 {0-1 (22) Jakab,A (2390)-Flumbort,A (2486) Budapest 2004}) 7... O-O 8. O-O Nc6 9. a3 Bf5 10. d3 a5 11. b3 e5 12. Bb2 Qe7 13. Nd2 Nb8 {[%cal Bc6b8,Bb8a6,Ba6b4][%mdl 32]} 14. h3 c6 15. a4 Na6 16. Na2 Rfd8 17. e4 Be6 18. Bc3 Nb4 19. Nxb4 axb4 20. Bb2 Nd7 21. Nc4 Qc5 22. Bc1 Bxc4 23. dxc4 Qf8 24. Bg5 Bf6 25. Be3 Qe7 (25... Nc5 $15) 26. g3 {[#]} (26. c5 $11 {keeps the balance.}) 26... Nc5 (26... Bg5 $1 $17) 27. Rad1 $11 {The position is equal.} Ne6 28. Bg4 Nc5 29. h4 h5 30. Bh3 b6 31. Rfe1 Qf8 32. Rxd8 Rxd8 33. Ra1 Qd6 34. Bf1 Be7 35. a5 Ra8 36. Rd1 Qc7 37. axb6 Qxb6 38. Rd7 {Accuracy: White = 51%, Black = 72%.} 1/2-1/2

[Event "Panchenko Memorial 2019"]
[Site "Chelyabinsk"]
[Date "2019.09.09"]
[Round "1.9"]
[White "Prudnikova, Svetlana"]
[Black "Zakhartsov, Vladimir"]
[Result "1/2-1/2"]
[WhiteElo "2234"]
[BlackElo "2519"]
[Annotator "TA"]
[PlyCount "148"]
[EventDate "2019.09.09"]
[EventType "swiss"]
[EventCountry "RUS"]
[SourceTitle "playchess.com"]
[Source "ChessBase"]
[SourceQuality "1"]

{[%evp 19,148,12,11,10,31,4,16,0,0,0,0,-8,0,-16,-19,-81,-78,-78,-79,-77,-77,-87,-66,-77,-76,-79,-79,-76,-28,-28,0,-14,-25,-40,0,0,0,-25,0,0,0,-20,0,-28,-21,-16,0,-17,-14,-112,14,17,17,17,22,10,63,53,58,67,143,108,264,110,119,119,89,0,0,0,47,0,0,0,0,0,0,0,0,0,0,0,8,8,8,8,8,8,8,0,0,0,0,0,0,0,0,0,0,0,0,0,0,0,0,0,0,0,0,0,0,0,0,0,8,0,8,0,0,0,0,0,0,0,0,0,0,0,8,0,7]} 1. Nf3 g6 2. c4 Bg7 3. Nc3 c5 4. d4 cxd4 5. Nxd4 Nc6 6. Nxc6 bxc6 7. e4 Nf6 8. Be2 O-O 9. O-O d6 10. Be3 Nd7 11. Qd2 {B38: Sicilian: Maroczy Bind with 5...Bg7 and 7...0-0} a5 12. Rfd1 $146 ({Predecessor:} 12. Bh6 a4 13. Bxg7 Kxg7 14. Rab1 Qb6 15. Kh1 Qc5 16. Rbc1 Nf6 17. f3 Bd7 18. Nd1 Rfb8 {½-½ (55) Sazhinov,A (2295)-Isajevsky,A (2420) Belgorod 2008}) 12... Qc7 13. Rac1 a4 14. f4 Qa5 15. Kh1 Nc5 16. Bd4 e5 17. fxe5 (17. Bf2 $11) 17... Ne6 $17 18. Be3 dxe5 19. c5 Nd4 20. Bc4 Ba6 21. Ne2 Bxc4 22. Rxc4 {[%cal Re2d4]} Qb5 23. Rdc1 {[%cal Re2d4]} Ne6 24. Rb4 Qa6 25. Rb6 Qc8 26. Qd6 Ra6 27. Qd3 Ra7 28. Qd6 Rc7 29. Qd1 Qa8 30. Rc4 Ra7 31. Rc2 Rd8 32. Rd2 Nd4 33. Nxd4 exd4 34. Bf4 {[#]} (34. Bxd4 $11 Rad7 35. Rb4) 34... Ra6 (34... Re7 $1 $17 35. Bg5 Rxe4 36. Bxd8 Qxd8) 35. Rb4 $11 Qc8 36. e5 ({Of course not} 36. Rxa4 Rxa4 37. Qxa4 Qe6 $15) 36... Ra8 37. Rbxd4 Re8 (37... Rxd4 $11 38. Rxd4 Bf8) 38. Rxa4 Rxa4 39. Qxa4 Qf5 (39... Bxe5 $14 40. h3 Bf6) 40. h3 g5 $2 (40... Bxe5 $16 41. Bxe5 Rxe5) 41. Bg3 (41. Qxc6 $18 {is the precise move to win.} Rc8 42. e6 Rxc6 43. Rd8+ Bf8 44. e7 {[%mdl 64] Pin} Qxc5 45. Rxf8+ Kg7 46. e8=Q Qxf8 47. Qxc6 gxf4 48. Qc3+ Kg8 49. a4) 41... Bxe5 $16 42. Bxe5 Rxe5 {[%mdl 4096] Endgame KQR-KQR} 43. Kh2 (43. Rd8+ $16 Kg7 44. Qd4) 43... Re4 $36 {[%mdl 2048] [#] ( -> ...Qf4+). Black has good play.} 44. Qd1 h5 {White must now prevent ...Qe5+.} 45. Qf3 Qe5+ {The position is equal.} 46. Qg3 Qxc5 47. Rd8+ Kg7 48. Qb8 h4 (48... Re1 $5 49. Rg8+ $8 Kh7 50. Rh8+ Kg6 51. Rg8+ Kh7 52. Rh8+ Kg6 53. Rg8+ Kh7 $11) 49. Rg8+ Kf6 50. Qd8+ Qe7 51. Qxe7+ Rxe7 {KR-KR} 52. Rc8 Re6 53. a4 {[%cal Ba2a4,Ba4a5,Ba5a6][%mdl 32] aiming for a5.} Ke5 54. b4 Kd5 55. Rc7 f6 56. a5 Re4 57. Rb7 Re1 58. a6 Ra1 59. a7 Ke4 60. Re7+ Kf4 61. Re6 f5 62. Rxc6 {Threatens to win with Rc4+.} Rxa7 63. Rc4+ $1 Ke3 64. Rc5 Rf7 (64... Kf4 {is more complex.} 65. Rc4+) 65. b5 Kd4 66. Rc6 Ke5 67. Rc5+ Ke4 68. Rc4+ Kd5 69. Rc6 Rg7 70. Rf6 Ke5 71. Rc6 Kd5 72. Rf6 Ke4 73. b6 Rb7 74. Rc6 g4 {Accuracy: White = 47%, Black = 59%.} 1/2-1/2